书目信息 |
| 题名: |
俄国文学史
|
|
| 作者: | 高尔基 著 ;缪灵珠 译 | |
| 分册: | ||
| 出版信息: | 上海 上海译文出版社 1979.9 |
|
| 页数: | 602页 | |
| 开本: | 21cm | |
| 丛书名: | ||
| 单 册: | ||
| 中图分类: | I512.094 | |
| 科图分类: | ||
| 主题词: | ||
| 电子资源: | ||
| ISBN: | ||
| 000 | 00501nam0 2200193 45 | |
| 001 | 0181021985 | |
| 005 | 20060802150846.82 | |
| 010 | @dCNY1.90 | |
| 100 | @a20810111d km y0chiy0120 ea | |
| 101 | 0 | @achi@crus |
| 200 | 1 | @Ae guo wen xue shi@Fguoerji@a俄国文学史@f(苏)高尔基著@g缪灵珠译 |
| 205 | @a新1版 | |
| 210 | @a上海@c上海译文出版社@d1979.9 | |
| 215 | @a602页@d21cm | |
| 690 | @aI512.094 | |
| 701 | 0 | @a高尔基@4著 |
| 702 | 0 | @a缪灵珠@4译 |
| 801 | @aCN@bTSTC@c20060802 | |
| 905 | @dI512.094@e375=2 | |
| 俄国文学史/(苏)高尔基著/缪灵珠译.-新1版.-上海:上海译文出版社,1979.9 |
| 602页;21cm |
| ISBN :CNY1.90 |
| ● |
| 相关链接 |
|
|
|
|
正题名:俄国文学史
索取号:I512.094/375=2
 
预约/预借
| 序号 | 登录号 | 条形码 | 馆藏地/架位号 | 状态 | 备注 |
| 1 | 0428683 | 204286833 | 密集书库/ [索取号:I512.094/375=2] | 在馆 | |
| 2 | 0443566 | 204435664 | 密集书库/ [索取号:I512.094/375=2] | 在馆 |